09: Addition und Subtraktion bis 100 - Statistiken

Allgemein
  • Dieses Quiz wurde 1.630 mal gespielt
    1.609 seit der letzten Aktualisierung
  • Das Durchschnittsergebnis liegt bei 20 aus 20
Antwortstatistiken
Problem Solution % Korrekt
0+0 0
100%
10-10 0
100%
9-9 0
100%
8-8 0
100%
7-7 0
100%
6-6 0
100%
5-5 0
100%
4-4 0
100%
2-2 0
100%
1-1 0
100%
0-0 0
100%
0+1 1
100%
1+0 1
100%
11-10 1
100%
10-9 1
100%
9-8 1
100%
8-7 1
100%
5-4 1
100%
4-3 1
100%
2-1 1
100%
1-0 1
100%
0+10 10
100%
1+9 10
100%
3+7 10
100%
4+6 10
100%
5+5 10
100%
6+4 10
100%
7+3 10
100%
8+2 10
100%
9+1 10
100%
10+0 10
100%
100-90 10
100%
19-9 10
100%
18-8 10
100%
17-7 10
100%
16-6 10
100%
15-5 10
100%
14-4 10
100%
13-3 10
100%
12-2 10
100%
11-1 10
100%
10-0 10
100%
50+50 100
100%
75+25 100
100%
90+10 100
100%
100-0 100
100%
0+11 11
100%
1+10 11
100%
2+9 11
100%
3+8 11
100%
4+7 11
100%
6+5 11
100%
7+4 11
100%
8+3 11
100%
9+2 11
100%
10+1 11
100%
19-8 11
100%
18-7 11
100%
17-6 11
100%
1+11 12
100%
2+10 12
100%
3+9 12
100%
4+8 12
100%
5+7 12
100%
6+6 12
100%
7+5 12
100%
8+4 12
100%
9+3 12
100%
10+2 12
100%
11+1 12
100%
37-25 12
100%
19-7 12
100%
18-6 12
100%
17-5 12
100%
30-18 12
100%
0+13 13
100%
1+12 13
100%
2+11 13
100%
3+10 13
100%
4+9 13
100%
5+8 13
100%
6+7 13
100%
7+6 13
100%
8+5 13
100%
9+4 13
100%
10+3 13
100%
11+2 13
100%
20-7 13
100%
19-6 13
100%
18-5 13
100%
17-4 13
100%
0+14 14
100%
1+13 14
100%
2+12 14
100%
3+11 14
100%
4+10 14
100%
5+9 14
100%
7+7 14
100%
8+6 14
100%
9+5 14
100%
10+4 14
100%
11+3 14
100%
12+2 14
100%
20-6 14
100%
19-5 14
100%
18-4 14
100%
17-3 14
100%
0+15 15
100%
1+14 15
100%
2+13 15
100%
3+12 15
100%
4+11 15
100%
5+10 15
100%
6+9 15
100%
7+8 15
100%
8+7 15
100%
9+6 15
100%
10+5 15
100%
11+4 15
100%
12+3 15
100%
100-85 15
100%
50-35 15
100%
20-5 15
100%
19-4 15
100%
18-3 15
100%
22-7 15
100%
0+16 16
100%
1+15 16
100%
2+14 16
100%
3+13 16
100%
4+12 16
100%
6+10 16
100%
7+9 16
100%
8+8 16
100%
9+7 16
100%
11+5 16
100%
12+4 16
100%
14+2 16
100%
52-36 16
100%
32-16 16
100%
19-3 16
100%
18-2 16
100%
17-1 16
100%
1+16 17
100%
2+15 17
100%
4+13 17
100%
5+12 17
100%
6+11 17
100%
7+10 17
100%
8+9 17
100%
9+8 17
100%
10+7 17
100%
11+6 17
100%
16+1 17
100%
52-35 17
100%
20-3 17
100%
19-2 17
100%
2+16 18
100%
3+15 18
100%
4+14 18
100%
5+13 18
100%
6+12 18
100%
7+11 18
100%
8+10 18
100%
9+9 18
100%
10+8 18
100%
11+7 18
100%
12+6 18
100%
15+3 18
100%
16+2 18
100%
20-2 18
100%
19-1 18
100%
18-0 18
100%
1+18 19
100%
3+16 19
100%
4+15 19
100%
5+14 19
100%
6+13 19
100%
7+12 19
100%
8+11 19
100%
9+10 19
100%
10+9 19
100%
11+8 19
100%
19-0 19
100%
0+2 2
100%
1+1 2
100%
2+0 2
100%
11-9 2
100%
10-8 2
100%
8-6 2
100%
6-4 2
100%
5-3 2
100%
3-1 2
100%
4+16 20
100%
5+15 20
100%
6+14 20
100%
7+13 20
100%
8+12 20
100%
9+11 20
100%
10+10 20
100%
11+9 20
100%
15+5 20
100%
16+4 20
100%
18+2 20
100%
100-80 20
100%
25-5 20
100%
20-0 20
100%
4+17 21
100%
5+16 21
100%
6+15 21
100%
7+14 21
100%
8+13 21
100%
9+12 21
100%
10+11 21
100%
11+10 21
100%
18+3 21
100%
14+7 21
100%
2+20 22
100%
4+18 22
100%
5+17 22
100%
6+16 22
100%
7+15 22
100%
8+14 22
100%
9+13 22
100%
10+12 22
100%
11+11 22
100%
24-2 22
100%
3+20 23
100%
6+17 23
100%
7+16 23
100%
8+15 23
100%
9+14 23
100%
10+13 23
100%
11+12 23
100%
8+16 24
100%
9+15 24
100%
11+13 24
100%
16+8 24
100%
18+6 24
100%
20+4 24
100%
32-8 24
100%
9+16 25
100%
10+15 25
100%
11+14 25
100%
20+5 25
100%
100-75 25
100%
70-45 25
100%
50-25 25
100%
22+4 26
100%
2+24 26
100%
3+23 26
100%
8+18 26
100%
10+16 26
100%
11+15 26
100%
5+22 27
100%
11+16 27
100%
24+3 27
100%
18+9 27
100%
24+4 28
100%
21+7 28
100%
68-40 28
100%
32-4 28
100%
1+28 29
100%
0+3 3
100%
1+2 3
100%
2+1 3
100%
13-10 3
100%
12-9 3
100%
11-8 3
100%
10-7 3
100%
9-6 3
100%
8-5 3
100%
7-4 3
100%
5-2 3
100%
4-1 3
100%
8+22 30
100%
24+6 30
100%
27+3 30
100%
20+10 30
100%
85-55 30
100%
38-8 30
100%
32-2 30
100%
53-23 30
100%
3+28 31
100%
4+27 31
100%
6+25 31
100%
32-1 31
100%
0+32 32
100%
13+19 32
100%
16+16 32
100%
28+4 32
100%
24+8 32
100%
64-32 32
100%
2+31 33
100%
7+26 33
100%
32+1 33
100%
5+29 34
100%
32+2 34
100%
76-42 34
100%
31+4 35
100%
32+3 35
100%
4+31 35
100%
7+28 35
100%
10+25 35
100%
30+5 35
100%
75-40 35
100%
66-31 35
100%
4+32 36
100%
32+4 36
100%
27+9 36
100%
2+35 37
100%
8+29 37
100%
22+16 38
100%
1+3 4
100%
2+2 4
100%
3+1 4
100%
4+0 4
100%
14-10 4
100%
13-9 4
100%
12-8 4
100%
11-7 4
100%
10-6 4
100%
9-5 4
100%
8-4 4
100%
7-3 4
100%
4-0 4
100%
3+37 40
100%
5+35 40
100%
7+33 40
100%
8+32 40
100%
10+30 40
100%
36+4 40
100%
30+10 40
100%
100-60 40
100%
6+35 41
100%
16+25 41
100%
5+37 42
100%
10+32 42
100%
11+31 42
100%
36+6 42
100%
35+7 42
100%
2+41 43
100%
12+31 43
100%
19+24 43
100%
3+41 44
100%
76-32 44
100%
40+5 45
100%
36+9 45
100%
50-5 45
100%
1+45 46
100%
2+44 46
100%
4+42 46
100%
8+38 46
100%
11+35 46
100%
13+33 46
100%
14+32 46
100%
15+31 46
100%
18+29 47
100%
2+46 48
100%
3+45 48
100%
5+43 48
100%
7+41 48
100%
8+40 48
100%
10+38 48
100%
32+16 48
100%
42+6 48
100%
40+8 48
100%
64-16 48
100%
42+7 49
100%
0+5 5
100%
3+2 5
100%
5+0 5
100%
100-95 5
100%
15-10 5
100%
14-9 5
100%
13-8 5
100%
12-7 5
100%
11-6 5
100%
10-5 5
100%
9-4 5
100%
8-3 5
100%
6-1 5
100%
5-0 5
100%
6+44 50
100%
45+5 50
100%
40+10 50
100%
100-50 50
100%
75-25 50
100%
16+35 51
100%
48+4 52
100%
9+43 52
100%
11+41 52
100%
18+34 52
100%
19+33 52
100%
2+51 53
100%
6+47 53
100%
8+45 53
100%
22+31 53
100%
5+49 54
100%
10+44 54
100%
48+6 54
100%
45+9 54
100%
1+54 55
100%
2+53 55
100%
3+52 55
100%
14+41 55
100%
75-20 55
100%
4+52 56
100%
7+49 56
100%
18+38 56
100%
48+8 56
100%
6+51 57
100%
9+48 57
100%
4+54 58
100%
2+57 59
100%
8+51 59
100%
0+6 6
100%
1+5 6
100%
3+3 6
100%
4+2 6
100%
6+0 6
100%
15-9 6
100%
14-8 6
100%
13-7 6
100%
12-6 6
100%
11-5 6
100%
10-4 6
100%
9-3 6
100%
8-2 6
100%
32-26 6
100%
1+59 60
100%
3+57 60
100%
16+44 60
100%
18+42 60
100%
19+41 60
100%
54+6 60
100%
50+10 60
100%
100-40 60
100%
64-4 60
100%
2+59 61
100%
13+48 61
100%
12+50 62
100%
15+47 62
100%
24+38 62
100%
64-2 62
100%
7+56 63
100%
8+55 63
100%
21+42 63
100%
25+38 63
100%
54+9 63
100%
64-1 63
100%
0+64 64
100%
5+59 64
100%
7+57 64
100%
21+43 64
100%
26+38 64
100%
56+8 64
100%
1+64 65
100%
4+61 65
100%
9+56 65
100%
14+51 65
100%
64+1 65
100%
12+54 66
100%
25+41 66
100%
64+2 66
100%
5+62 67
100%
6+61 67
100%
20+47 67
100%
41+27 68
100%
2+66 68
100%
6+62 68
100%
11+57 68
100%
64+4 68
100%
10+59 69
100%
16+53 69
100%
26+43 69
100%
34+35 69
100%
1+6 7
100%
2+5 7
100%
3+4 7
100%
4+3 7
100%
5+2 7
100%
6+1 7
100%
7+0 7
100%
17-10 7
100%
16-9 7
100%
15-8 7
100%
14-7 7
100%
13-6 7
100%
12-5 7
100%
11-4 7
100%
10-3 7
100%
9-2 7
100%
8-1 7
100%
1+69 70
100%
3+67 70
100%
14+56 70
100%
22+48 70
100%
63+7 70
100%
60+10 70
100%
75-5 70
100%
4+68 72
100%
7+65 72
100%
8+64 72
100%
27+45 72
100%
64+8 72
100%
63+9 72
100%
8+65 73
100%
13+60 73
100%
4+70 74
100%
5+69 74
100%
6+68 74
100%
8+66 74
100%
9+65 74
100%
12+62 74
100%
2+73 75
100%
3+72 75
100%
8+67 75
100%
19+56 75
100%
24+51 75
100%
34+41 75
100%
100-25 75
100%
18+59 77
100%
22+55 77
100%
3+75 78
100%
4+74 78
100%
15+63 78
100%
28+50 78
100%
29+49 78
100%
94-16 78
100%
5+74 79
100%
7+72 79
100%
14+65 79
100%
3+5 8
100%
5+3 8
100%
6+2 8
100%
7+1 8
100%
8+0 8
100%
77-69 8
100%
18-10 8
100%
17-9 8
100%
16-8 8
100%
15-7 8
100%
14-6 8
100%
13-5 8
100%
12-4 8
100%
11-3 8
100%
9-1 8
100%
8-0 8
100%
38-30 8
100%
1+79 80
100%
5+75 80
100%
19+61 80
100%
64+16 80
100%
67+13 80
100%
72+8 80
100%
70+10 80
100%
100-20 80
100%
9+72 81
100%
72+9 81
100%
1+81 82
100%
2+80 82
100%
76+7 83
100%
8+75 83
100%
18+65 83
100%
29+54 83
100%
6+78 84
100%
7+77 84
100%
16+68 84
100%
42+43 85
100%
100-15 85
100%
3+83 86
100%
11+75 86
100%
19+67 86
100%
32+54 86
100%
1+86 87
100%
4+83 87
100%
8+79 87
100%
3+85 88
100%
12+76 88
100%
5+84 89
100%
9+80 89
100%
10+79 89
100%
31+58 89
100%
1+8 9
100%
2+7 9
100%
3+6 9
100%
4+5 9
100%
5+4 9
100%
6+3 9
100%
7+2 9
100%
8+1 9
100%
9+0 9
100%
19-10 9
100%
18-9 9
100%
17-8 9
100%
16-7 9
100%
15-6 9
100%
14-5 9
100%
13-4 9
100%
12-3 9
100%
10-1 9
100%
9-0 9
100%
1+89 90
100%
11+79 90
100%
21+69 90
100%
26+64 90
100%
80+10 90
100%
100-10 90
100%
2+89 91
100%
7+84 91
100%
18+73 91
100%
6+86 92
100%
8+84 92
100%
21+71 92
100%
34+58 92
100%
2+91 93
100%
3+90 93
100%
13+80 93
100%
22+71 93
100%
40+53 93
100%
1+93 94
100%
4+90 94
100%
5+89 94
100%
7+87 94
100%
36+58 94
100%
38+56 94
100%
41+53 94
100%
14+81 95
100%
25+70 95
100%
30+65 95
100%
100-5 95
100%
15+81 96
100%
20+76 96
100%
29+67 96
100%
32+64 96
100%
64+32 96
100%
9+88 97
100%
10+87 97
100%
3+95 98
100%
5+93 98
100%
19+79 98
100%
21+77 98
100%
3+96 99
100%
14+85 99
100%
40+59 99
100%
14+82 96
96%
28+7 35
95%
9+33 42
95%
49+7 56
95%
4+64 68
95%
2+8 10
94%
20-10 10
94%
5+6 11
94%
6+8 14
94%
18-1 17
94%
20-1 19
94%
7-5 2
94%
3+0 3
94%
3+29 32
94%
14+45 59
94%
11+72 83
94%
17+67 84
94%
23+61 84
94%
11-2 9
94%
17+76 93
94%
6-5 1
93%
0+12 12
93%
10+6 16
93%
20-4 16
93%
3+14 17
93%
9-7 2
93%
46-23 23
93%
10+14 24
93%
21+3 24
93%
9+26 35
93%
1+36 37
93%
32+8 40
93%
5+1 6
93%
23+38 61
93%
8+54 62
93%
1+67 68
93%
0+8 8
93%
10-2 8
93%
14+72 86
93%
8+87 95
93%
1+96 97
93%
7-6 1
92%
3-2 1
92%
17-0 17
92%
75-50 25
92%
5+23 28
92%
2+32 34
92%
30+6 36
92%
9+41 50
92%
17+33 50
92%
6-0 6
92%
56+7 63
92%
32+32 64
92%
17+51 68
92%
58+11 69
92%
16+56 72
92%
32+40 72
92%
35+42 77
92%
6+84 90
92%
81+9 90
92%
2+95 97
92%
17-2 15
91%
12-10 2
91%
25+5 30
91%
1+32 33
91%
4+1 5
91%
64-8 56
91%
2+64 66
91%
7+59 66
91%
20-8 12
90%
11+18 29
90%
4+4 8
90%
0+9 9
90%
3-3 0
89%
20-9 11
89%
50-20 30
89%
5-1 4
89%
17+38 55
89%
5+11 16
88%
35+5 40
88%
4+39 43
88%
7+17 24
86%
27+49 76
85%
16-10 6
83%
9+24 33
80%
Keine übereinstimmenden Quizze gefunden
Verteilung der Resultate
Anzahl Personen mit jedem Resultat
Perzentil nach korrekt beantworteten Fragen
Ihre Resultats-Entwicklung
Sie haben dieses Quiz seit der letzten Aktualisierung nicht gespielt